Statistics for Oceanic Countries and Territories By Language(s)

Click here to take the quiz!

General Stats

  • This quiz has been taken 29 times
  • The average score is 37 of 44

Answer Stats

TypeName In LanguageAnswer% Correct
UN Sovereign StatesAustraliaAustralia
100%
UN Sovereign StatesFederated States Of MicronesiaFederated States Of Micronesia
100%
UN Sovereign StatesFijiFiji
100%
UN Sovereign StatesMarshall IslandsMarshall Islands
100%
UN Sovereign StatesNauruNauru
100%
UN Sovereign StatesNew ZealandNew Zealand
100%
UN Sovereign StatesPalauPalau
100%
UN Sovereign StatesPapua New GuineaPapua New Guinea
100%
UN Sovereign StatesSamoaSamoa
100%
UN Sovereign StatesSolomon IslandsSolomon Islands
100%
UN Sovereign StatesTongaTonga
100%
UN Sovereign StatesTuvaluTuvalu
100%
UN Sovereign StatesVanuatuVanuatu
100%
UN Sovereign StatesKiribatiKiribati
95%
UN Sovereign StatesPapua NiuginiPapua New Guinea
95%
Non-Sovereign TerritoriesAmerican SamoaAmerican Samoa
90%
UN Sovereign StatesNaoeroNauru
90%
UN Sovereign StatesBelauPalau
90%
Non-Sovereign TerritoriesAmerika SāmoaAmerican Samoa
86%
Non-UN Sovereign StatesCook IslandsCook Islands
86%
UN Sovereign StatesVitiFiji
86%
Non-Sovereign TerritoriesGuamGuam
86%
Non-Sovereign TerritoriesHawai'iHawaii
86%
Non-Sovereign TerritoriesNorfolk IslandNorfolk Island
86%
Non-Sovereign TerritoriesNorthern Mariana IslandsNorthern Mariana Islands
86%
UN Sovereign StatesफीजीFiji
81%
Non-Sovereign TerritoriesGuahanGuam
81%
Non-Sovereign TerritoriesHawaiiHawaii
81%
Non-Sovereign TerritoriesNouvelle-CalédonieNew Caledonia
81%
Non-UN Sovereign StatesNiuēNiue
81%
Non-UN Sovereign StatesNiueNiue
81%
Non-Sovereign TerritoriesNorf'k AilenNorfolk Island
81%
Non-Sovereign TerritoriesPitcairn IslandsPitcairn Islands
81%
Non-Sovereign TerritoriesPolynésie françaiseFrench Polynesia
76%
UN Sovereign StatesAotearoaNew Zealand
76%
Non-Sovereign TerritoriesIslas MariånasNorthern Mariana Islands
76%
Non-Sovereign TerritoriesTokelauTokelau
76%
Non-Sovereign TerritoriesWallis et FutunaWallis and Futuna
76%
Non-UN Sovereign StatesKūki 'ĀiraniCook Islands
71%
Non-Sovereign TerritoriesRapa NuiEaster Island
71%
UN Sovereign StatesAelōn̄ in M̧ajeļMarshall Islands
67%
UN Sovereign StatesパラオPalau
52%
Non-Sovereign TerritoriesIsla de PascuaEaster Island
48%
Non-Sovereign Territories小笠原村Ogasawara Village
5%

Score Distribution

Percentile by Number Answered

Percent of People with Each Score

Your Score History

You have not taken this quiz